• 首页
  • 本馆介绍
  • 公告通知
  • 最新文献
  • 馆藏检索
  • 电子资源
  • 读者导购
  • 参考咨询
  • 我的图书馆
  • 登录
  • 详细信息显示
  • 放入我的书架
  • 预约/预借图书
  • 作者相关作品
  • 分类相关作品
  • 丛书相关作品
  • 出版社相关作品

书目信息

  • 表格格式
  • 工作单格式
  • 卡片格式
题名:
环境、健康与负氧离子
    
 
作者: 林金明 , 宋冠群 , 赵利霞 编著
分册:  
出版信息: 北京   化学工业出版社  2006
页数: 302页
开本: 21cm
丛书名:
单 册:
中图分类: X24 , R161
科图分类:
主题词: 阴离子--关系--环境 , 阴离子--关系--健康 , 阴离子 , 环境 , 健康
电子资源:
ISBN: 7-5025-8267-3
000 01036nam0 2200337 450
001 003140416
005 20080303094111.70
010    @a7-5025-8267-3@dCNY26.00
035    @a003140416
100    @a20060425d2006 em y0chiy0110 ea
101 0  @achi
102    @aCN@b110000
105    @ay z 000yy
106    @ar
200 1  @a环境、健康与负氧离子@Ahuan jing 、 jian kang yu fu yang li zi@f林金明,宋冠群,赵利霞等编著
210    @a北京@c化学工业出版社@d2006
215    @a302页@d21cm
330    @a本书主要阐述负氧离子研究与应用、氧的种类与氧化学、负氧离子发生的基本原理及其相关化学反应过程、环境因素与负氧离子的分布、负氧离子与健康等内容。
606 0  @a阴离子@x关系@x环境
606 0  @a阴离子@x关系@x健康
606 0  @a阴离子
606 0  @a环境
606 0  @a健康
610 0  @a负氧离子
690    @aX24@v4
690    @aR161@v4
701  0 @a林金明@Alin jin ming@c(化学)@4编著
701  0 @a宋冠群@Asong guan qun@4编著
701  0 @a赵利霞@Azhao li xia@4编著
801  0 @aCN@bNLC@c20080303
905    @dX24@e144@f4
    
    环境、健康与负氧离子/林金明,宋冠群,赵利霞等编著.-北京:化学工业出版社,2006
    302页;21cm
    
    
    ISBN 7-5025-8267-3:CNY26.00
    本书主要阐述负氧离子研究与应用、氧的种类与氧化学、负氧离子发生的基本原理及其相关化学反应过程、环境因素与负氧离子的分布、负氧离子与健康等内容。
●
相关链接 在E读中查询图书 在五车中查询图书 在当当中查询图书 在豆瓣中查询图书


正题名:环境、健康与负氧离子     索取号:X24/144         预约/预借

序号 登录号 条形码 馆藏地/架位号 状态 备注
1 0614661   206146614   第二样本阅览室/ [索取号:X24/144] 在馆    
2 0614662   206146623   第三借阅区/ [索取号:X24/144] 在馆    
3 0614663   206146632   第三借阅区/ [索取号:X24/144] 在馆    
4 0614664   206146641   第三借阅区/ [索取号:X24/144] 在馆    
唐山师范学院图书馆 欢迎您!
大连网信软件有限公司© 版权所有